| Tag |
First Indicator |
Second Indicator |
Subfields |
| LEADER |
00000cam a22000001a 4500 |
| 001 |
in00003167921 |
| 006 |
m d f |
| 007 |
cr bn mmmapmmp |
| 008 |
090617s1958 dcu o f000 0 eng d |
| 005 |
20260604202318.2 |
| 035 |
|
|
|a cis2007423541
|
| 040 |
|
|
|a UMI
|c UMI
|d UtOrBLW
|
| 043 |
|
|
|a n-us---
|
| 086 |
0 |
|
|a Y 4.Ag 8/1:F 22/36/958
|
| 099 |
|
|
|a HRG-1958-HAG-0016
|
| 110 |
1 |
|
|a United States.
|b Congress.
|b House.
|b Committee on Agriculture.
|b Subcommittee on Equipment, Supplies, and Manpower.
|
| 245 |
1 |
0 |
|a Farm Labor :
|b Problems in the Southwest and Mexican Labor: hearings before the United States House Committee on Agriculture, Subcommittee on Equipment, Supplies, and Manpower, Eighty-Fifth Congress, second session, on Feb. 28, Mar. 1, 3, June 9-12, July 2, 1958.
|
| 264 |
|
1 |
|a Washington :
|b U.S. G.P.O.,
|c 1958.
|
| 300 |
|
|
|a 1 online resource.
|
| 336 |
|
|
|a text
|b txt
|2 rdacontent
|
| 337 |
|
|
|a computer
|b c
|2 rdamedia
|
| 338 |
|
|
|a online resource
|b cr
|2 rdacarrier
|
| 500 |
|
|
|a Record is based on bibliographic data in ProQuest Congressional Hearings Digital Collection. Reuse except for individual research requires license from ProQuest, LLC.
|
| 520 |
|
|
|a Committee Serial CCC. Considers agricultural marketing problems of the southwestern U.S. and considers legislation to extend and revise the Mexican farm labor recruitment program.
|
| 520 |
|
|
|a Considers (85) H.R. 10357, (85) H.R. 10358, (85) H.R. 10359, (85) H.R. 10360, (85) H.R. 10361, (85) H.R. 10968, (85) H.R. 7028.
|
| 538 |
|
|
|a System requirements: PDF reader software.
|
| 500 |
|
|
|a Electronic resource.
|
| 650 |
|
0 |
|a Farm produce
|z Southwestern States
|x Marketing.
|
| 650 |
|
0 |
|a Mexican American agricultural laborers
|x Recruiting
|x Law and legislation
|z United States.
|
| 655 |
|
7 |
|a Electronic books.
|2 local
|
| 710 |
2 |
|
|a ProQuest (Firm)
|
| 776 |
0 |
8 |
|i Print version:
|a United States. Congress. House. Committee on Agriculture. Subcommittee on Equipment, Supplies, and Manpower.
|t Farm Labor
|
| 776 |
0 |
8 |
|i Microfiche version:
|a United States. Congress. House. Committee on Agriculture. Subcommittee on Equipment, Supplies, and Manpower.
|t Farm Labor.
|d [Bethesda, Md.] : ProQuest,[2004]
|o CIS Hrgs MF Gp 3--(85) H1677-4
|w (ProQuest)cis10601999
|
| 830 |
|
0 |
|a U.S. Congressional Hearings.
|
| 856 |
4 |
0 |
|u http://proxy.library.tamu.edu/login?url=https://congressional.proquest.com/congcomp/getdoc?HEARING-ID=HRG-1958-HAG-0016
|z Connect to the full text of this electronic book
|t 0
|
| 998 |
|
|
|a cis10601999
|
| 999 |
|
|
|a MARS
|
| 999 |
f |
f |
|s 14703d7a-c793-36c5-9db2-13f670bc4951
|i b54510cc-83a1-3230-8a13-234c99da3908
|t 0
|
| 952 |
f |
f |
|a Texas A&M University
|b College Station
|c Electronic Resources
|s www_evans
|d Available Online
|t 0
|e HRG-1958-HAG-0016
|h Other scheme
|
| 998 |
f |
f |
|a HRG-1958-HAG-0016
|t 0
|l Available Online
|